| 000 | 00000nam##2200000za#4500 |
| 001 | 9.572774 |
| 003 | CaOODSP |
| 005 | 20210624183359 |
| 007 | cr ||||||||||| |
| 008 | 150406|2000||||xxc|||||o f|0| 0 eng|d |
| 040 | |aCaOODSP|beng |
| 043 | |an-cn--- |
| 086 | 1 |aH113-2/6-2000E-PDF |
| 110 | 1 |aCanada. |bPest Management Regulatory Agency. |
| 245 | 10|aFact sheet on the Bacillus thuringiensis subspecies kurstaki |h[electronic resource] |
| 260 | |aOttawa - Ontario : |bHealth Canada. |cFebruary 2000. |
| 300 | |a2p. |
| 490 | 1 |aFact sheet |
| 590 | |a12-30-Supp|b2012-06-28 |
| 690 | 07|aPesticides|2gcpds |
| 690 | 07|aForestry industry|2gcpds |
| 690 | 07|aAgri-food industry|2gcpds |
| 775 | 08|tFiche technique sur le Bacillus thuringiensis ssp. kurstaki |w(CaOODSP)9.603046 |
| 776 | 0#|tFact sheet on the Bacillus thuringiensis subspecies kurstaki |w(CaOODSP)9.615613 |
| 830 | #0|aFact sheet.|w(CaOODSP)9.504456 |
| 856 | 40|ahttp://publications.gc.ca|qPDF|s35 KB|uhttps://publications.gc.ca/collections/Collection/H113-2-6-2000E.pdf |